00293 a2200121 4500001000700000020001800007040001100025100003300036240004500069245004000114300000800154362000900162175501 a85-10-02438-3 cMagnum aSchwenck, Terezinha do Carmo10aAbordagem integrada em ciè‚ncias 4lpor10aAbordagem integrada em ciè‚ncias 4 a2000 a1999